| 000 | 00793cam a2200253 i 4500 | ||
|---|---|---|---|
| 001 | 000004266 | ||
| 005 | 20200929151423.0 | ||
| 008 | 790823s1978 sp b 000 0 spa | ||
| 010 | _a79370192 | ||
| 015 | _aSp78-Apr | ||
| 020 | _a8437601320 | ||
| 040 |
_aDO-SdBNP _cDLC _dDLC |
||
| 050 | 0 | 0 |
_aPQ6321.C7 _bM7 1978 |
| 100 | 1 |
_aCastro, Guillen de, _d1569-1631. _98198 |
|
| 245 | 1 | 4 |
_aLas mocedades del Cid / _c[por] Guillen de Castro ; edicion de Luciano Garcia Lorenzo. |
| 260 |
_aMadrid : _bCatedra, _cD.L. 1978. |
||
| 300 |
_a188 p. ; _c18 cm. |
||
| 440 | 0 |
_aLetras hispanicas ; _v72 _94208 |
|
| 504 | _aBibliography: p. 53-60. | ||
| 600 | 0 | 0 |
_aCid, _dca. 1043-1099 _xDrama. _912616 |
| 700 | 2 |
_aGarcia Lorenzo, Luciano. _912617 |
|
| 910 | _aCatalogación por copia / LC | ||
| 082 | 0 | 0 | _a862/.3 |
| 999 |
_c4080 _d4080 |
||